| 000 | 00414nam a2200157Ia 4500 | ||
|---|---|---|---|
| 005 | 20250117095856.0 | ||
| 008 | 231217s9999 xx 000 0 und d | ||
| 020 | _a9788131405789 | ||
| 082 | _a658.315 MRU1;1 R | ||
| 100 | _aMrudula, E ed. | ||
| 245 | 0 | _aLean management : introduction and applications | |
| 260 |
_c2006 _bIcfai _aHyderabad |
||
| 300 | _avii, 239 | ||
| 650 | _aLean,management | ||
| 942 | _cAA | ||
| 999 |
_c188220 _d188220 |
||